CS:GO / CS2 - All S-Tier Tournaments in 2023 - Statistics

General Stats
  • This quiz has been taken 27 times
    13 since last reset
  • The average score is 118 of 153
Answer Stats
Hint Answer % Correct
Aleksib
100%
Apeks
100%
apEX
100%
b1t
100%
Boombl4
100%
br0
100%
broky
100%
Brollan
100%
cadiaN
100%
chopper
100%
Cloud9
100%
Complexity
100%
donk
100%
dupreeh
100%
electroNic
100%
FalleN
100%
FaZe
100%
flameZ
100%
frozen
100%
FURIA
100%
1-3rd G2
100%
HEROIC
100%
3-4th HooXi
100%
1st huNter-
100%
iM
100%
Jimpphat
100%
2nd jks
100%
jL
100%
karrigan
100%
KSCERATO
100%
Liquid
100%
m0NESY
100%
Magisk
100%
magixx
100%
MOUZ
100%
Natus Vincere
100%
4-6th NiKo
100%
Perfecto
100%
rain
100%
ropz
100%
s1mple
100%
sh1ro
100%
Spinx
100%
Spirit
100%
TeSeS
100%
torzsi
100%
Twistzz
100%
Vitality
100%
xertioN
100%
yuurih
100%
ZywOo
100%
acoR
90%
arT
90%
Astralis
90%
Ax1Le
90%
EliGE
90%
ENCE
90%
GamerLegion
90%
Grim
90%
hallzerk
90%
jabbi
90%
jkaem
90%
JT
90%
Keoz
90%
Maden
90%
Monte
90%
NAF
90%
NertZ
90%
npl
90%
sdy
90%
siuhy
90%
sjuush
90%
Snappi
90%
stavn
90%
SunPayus
90%
zont1x
90%
910
80%
blameF
80%
bLitz
80%
chelo
80%
device
80%
dexter
80%
dycha
80%
floppy
80%
HObbit
80%
Imperial
80%
isak
80%
kyxsan
80%
mezii
80%
nafany
80%
nitr0
80%
oSee
80%
Senzu
80%
Staehr
80%
Techno
80%
The MongolZ
80%
w0nderful
80%
boltz
70%
Eternal Fire
70%
gla1ve
70%
JDC
70%
MAJ3R
70%
mzinho
70%
STYKO
70%
VINI
70%
Virtus.pro
70%
Wicadia
70%
Woro2k
70%
woxic
70%
XANTARES
70%
YEKINDAR
70%
ArtFr0st
60%
BetBoom
60%
buster
60%
Calyx
60%
DemQQ
60%
fame
60%
FL1T
60%
Jame
60%
n0rb3r7
60%
nawwk
60%
CacaNito
50%
drop
50%
kRaSnaL
50%
MIBR
50%
mir
50%
saffee
50%
b0RUP
40%
Buzz
40%
exit
40%
zorte
30%
insani
20%
S1ren
20%
brnz4n
10%
JOTA
10%
KaiR0N-
10%
sense
10%
Airax
0%
Banjo
0%
danistzz
0%
HAVU
0%
Nexius
0%
ottoNd
0%
sLowi
0%
uli
0%
VLDN
0%
No matching quizzes found
Score Distribution
Percent of People with Each Score
Percentile by Number Answered
Your Score History
You have not taken this quiz since the last reset